|
|
|
|
| LEADER |
01494nam a2200289 a 4500 |
| 001 |
GR-Patra14877 |
| 008 |
020912s2000 gr g 000 0 gre d |
| 040 |
|
|
|a GrPaTEI
|b gre
|c GR-PaULI
|
| 040 |
|
|
|a GrPaTEI
|b gre
|c GR-PaULI
|
| 100 |
1 |
|
|a Μπίντζου, Ελένη,
|c Γ
|
| 245 |
1 |
2 |
|a Η εφαρμογή της θεωρίας των γραμμών αναμονής στις δημόσιες επιχειρήσεις /
|c Ελένη Γ. Μπίντζου, Μαρία Α. Λαμπροπούλου ; Καθηγητής: Νικόλαος Α. Καναβός.
|
| 260 |
|
|
|a Πάτρα :
|b ΤΕΙ Πάτρας,
|c 2000
|
| 300 |
|
|
|a 91σ., πιν.
|
| 504 |
|
|
|a Βιβλιογραφία: σ.91
|
| 650 |
|
4 |
|a ΑΝΑΛΥΣΗ ΣΥΣΤΗΜΑΤΩΝ
|
| 650 |
|
4 |
|a Δημόσιες υπηρεσίες, οργανισμοί & επιχειρήσεις
|
| 650 |
|
4 |
|a ΟΙΚΟΝΟΜΙΑ
|
| 650 |
|
4 |
|a Πτυχιακή εργασία
|
| 700 |
1 |
|
|a Καναβός, Νικόλαος,
|c Εισηγητής
|
| 700 |
1 |
|
|a Λαμπροπούλου, Μαρία
|
| 710 |
0 |
|
|a Σ.Δ.Ο..
|b Τμήμα Διοίκησης Επιχειρήσεων
|
| 710 |
0 |
|
|a Τ.Ε.Ι. Πάτρας
|
| 856 |
4 |
0 |
|u https://nereus.library.upatras.gr/formerpat/ptyxiakes/sdo/sdo_de/1996-2000/3322pe.pdf
|
| 942 |
|
|
|2 ddc
|
| 952 |
|
|
|0 0
|1 0
|2 ddc
|4 0
|7 1
|9 293780
|a LISK
|b LISK
|c BSC
|d 2021-01-17
|e 24
|f 0
|g 0.00
|l 0
|p 9241003322
|r 2021-01-17 00:00:00
|t 1
|w 2021-01-17
|y BKN
|x 20020916 0 0
|x GrPaTEI
|
| 971 |
|
|
|a .b26623924
|b 16-04-20
|c 23-09-16
|
| 999 |
|
|
|c 171714
|d 171714
|